000
00286nam a22001097a 4500
082
_a
320
100
_a
Bandyopadyay, Sekhar
_9
80950
245
_a
indian PoLitical Thought and its Contempory Relevance
260
_a
Delhi
_b
Atlantic Pub
650
_a
indian PoLitical
_9
80951
942
_c
BK
999
_c
64159
_d
64159